000
00337nam a2200133Ia 4500
008
240624s9999 xx 000 0 und d
041
_a
eng
082
_a
823 MAR
100
_a
MARQUEZ GABRIEL GARCIA
245
_a
LOVE IN THE TIME OF CHOLERA
260
_c
1989
_a
New Delhi
_b
Penguin Books
300
_a
348 : p. : cm. ; 20
365
_c
RS
999
_c
22772
_d
22772